| 000 | 01587nam a2200397 i 4500 | ||
|---|---|---|---|
| 001 | 768714001 | ||
| 003 | CO-MdFUSB | ||
| 005 | 20260406144503.0 | ||
| 007 | ta | ||
| 008 | 250925t2011 -us |||g |||| 00| 0 eng d | ||
| 020 | _a978-0-9823262-7-5 | ||
| 040 |
_aCO-MdFUSB _bspa _cCO-MdFUSB _dCO-MdFUSBC _erda |
||
| 041 | _aeng | ||
| 082 |
_223 _a236 _bH175 |
||
| 100 |
_aHall, Wes, _eautor |
||
| 245 |
_aAn overview of God’s end-time plan _c/ Wes Hall ; editado por Mike Bickle |
||
| 264 | 1 |
_bInternational House of Prayer University, _aMissouri, Estados Unidos : _c[2011] |
|
| 264 | 4 | _c©2011 | |
| 300 |
_a100 páginas _c; 22 cm |
||
| 336 |
_2rdacontent _atexto _btxt |
||
| 337 |
_2rdamedia _asin mediación _bn |
||
| 338 |
_2rdacarrier _avolumen _bnc |
||
| 490 | _aPraying Church Study Series, | ||
| 500 | _aTabla de contenido traducida por agencia catalogadora | ||
| 505 |
_gParte 1: _t¿Por qué deberíamos estudiar el fin de los tiempos? _gParte 2: _t¿Podemos conocer la generación del regreso del Señor? _gParte 3: _tLas señales de los tiempos _gParte 4: _tResumen general de los tiempos del fin _gParte 5: _tintroducción al libro de Apocalipsis _gParte 6: _tResumen general del libro de Apocalipsis |
||
| 563 | _arústico | ||
| 650 | 7 |
_aEscatología _9213 |
|
| 653 | _aEscatología cristiana | ||
| 653 | _aFin del mundo — Aspectos bíblicos | ||
| 653 | _aApocalipsis — Interpretación | ||
| 653 | _a Profecía bíblica | ||
| 700 |
_aBickle, Mike, _d1955- _910987 _eeditor |
||
| 942 | _cBK | ||
| 945 | _aEstudiante Juan Eusse | ||
| 999 |
_c71465 _d71465 |
||